00667nam a2200229Ia 4500003000900000008004100009040001300050040001300063041000800076100001900084245005300103250001100156260000900167260000900176300001100185300001000196490001800206490000700224942000700231999001700238952018200255IT-RoPAU120407s9999 xx 000 0 und d aIT-RoPAU cIT-RoPAU afra aJean Steinmann aLe prophétisme biblique des origines à Osee. aParis  aCerf c1959 a260 p. c22 cm aLectio Divina v23 cBK c30729d30729 00102ddc406222_32300000000000071aPAULUSbPAULUSd2012-04-11l0o222.323r2012-04-11 00:00:00w2012-04-11yBKzInserito da: In data: n.d. fondo: Via A.Severo 56 Progr:23706